000
00286 a2200133 4500
001
153302
040
_c
Escola São Tomás de Aquino
100
_a
ALENCAR, José
240
1
0
_a
O Guarani
_l
por
245
1
0
_a
O Guarani
300
_a
402
697
_a
LITERATURA BRASILEIRA
942
_c
BK
999
_c
153302
_d
153302